[Event "35th WCh U20 Girls"]
[Site "Tarvisio ITA"]
[Date "2017.11.25"]
[Round "11"]
[White "Zhu Jiner"]
[Black "Nurgali, Nazerke"]
[Result "1/2-1/2"]
[WhiteElo "2363"]
[BlackElo "2121"]
[EventDate "2017.11.13"]
[PlyCount "115"]

1.e4 c6 2.d4 d5 3.e5 Bf5 4.Nd2 e6 5.Nb3 Nd7 6.Nf3 Qc7 7.Be2 c5 8.dxc5 Bxc5
9.Nxc5 Qxc5 10.c3 Ne7 11.O-O O-O 12.Bd3 Qc7 13.Bxf5 Nxf5 14.Re1 Rac8 15.
Bf4 Qc4 16.Qd2 Nc5 17.g4 Ne7 18.Nd4 Nc6 19.Bg3 Ne4 20.Qe3 Nxd4 21.cxd4 
Nxg3 22.hxg3 Qc2 23.Re2 Qg6 24.f3 Rc2 25.Rxc2 Qxc2 26.Qb3 Qc6 27.Qa3 a6 
28.Qc5 Rc8 29.Rc1 Qxc5 30.dxc5 Kf8 31.Kf2 Ke7 32.Ke3 Kd7 33.Rc3 Kc6 34.Kd4
Rh8 35.Rc2 Kb5 36.f4 h5 37.Rh2 g6 38.b4 Rh7 39.Kc3 Rg7 40.Kb3 hxg4 41.Rh8 
Kc6 42.Rh4 Rg8 43.a3 Rd8 44.Kc3 Kb5 45.Rh7 d4+ 46.Kd3 Rd7 47.Rh8 a5 48.Rb8
axb4 49.axb4 Kc6 50.Kc4 Kc7 51.Ra8 d3 52.b5 Rd5 53.Ra1 d2 54.Rd1 Kd7 55.
Kb4 Kc7 56.Kc4 Kc8 57.Kb4 Kc7 58.Kc4 1/2-1/2

[Event "35th WCh U20 Girls"]
[Site "Tarvisio ITA"]
[Date "2017.11.25"]
[Round "11"]
[White "Stiazhkina, Anna"]
[Black "San Diego, Marie Antoinette"]
[Result "1-0"]
[WhiteElo "2301"]
[BlackElo "2116"]
[EventDate "2017.11.13"]
[PlyCount "115"]

1.e4 c5 2.Nf3 g6 3.d4 cxd4 4.Nxd4 Bg7 5.c4 Qb6 6.Nb3 Nc6 7.Nc3 Bxc3+ 8.
bxc3 d6 9.Be3 Qc7 10.c5 dxc5 11.Nxc5 Nf6 12.f3 O-O 13.Be2 b6 14.Nb3 Bb7 
15.Rc1 Rfd8 16.Qc2 Rac8 17.O-O Ne5 18.Nd4 Nc4 19.Bf2 Nh5 20.Rfd1 Na5 21.
Bf1 a6 22.c4 e5 23.Nb3 Rxd1 24.Qxd1 Nxb3 25.Qxb3 b5 26.Be3 bxc4 27.Bxc4 
Qe7 28.Rb1 Rc7 29.Qa4 Nf4 30.Kh1 Kg7 31.Rd1 Qg5 32.Bf1 Qe7 33.Bb6 Rc6 34.
Ba5 Qc5 35.Qb4 Qf2 36.Qd2 Qc5 37.Bb4 Qb6 38.a4 Ne6 39.a5 Qc7 40.Bd6 Rxd6 
41.Qxd6 Qxa5 42.Bc4 Bc8 43.Qc6 Qc7 44.Qxc7 Nxc7 45.Bxf7 Kxf7 46.Rc1 Bd7 
47.Rxc7 Ke6 48.Ra7 Bb5 49.Rxh7 a5 50.Ra7 a4 51.Ra5 Bc6 52.Kg1 Kd6 53.Kf2 
Kc7 54.Rc5 Kb6 55.Rc1 Kb5 56.Ke3 a3 57.Rc3 a2 58.Ra3 1-0

[Event "35th WCh U20 Girls"]
[Site "Tarvisio ITA"]
[Date "2017.11.25"]
[Round "11"]
[White "Heinemann, Josefine"]
[Black "Nie Xin"]
[Result "1/2-1/2"]
[WhiteElo "2293"]
[BlackElo "2106"]
[EventDate "2017.11.13"]
[PlyCount "73"]

1.e4 e5 2.Nf3 Nc6 3.Bb5 a6 4.Ba4 Nf6 5.O-O Be7 6.d3 b5 7.Bb3 d6 8.a3 O-O 
9.Nc3 Be6 10.Nd5 Nd4 11.Nxf6+ Bxf6 12.Nxd4 exd4 13.Bxe6 fxe6 14.Bd2 c5 15.
a4 Qd7 16.b3 Rac8 17.Qe2 Qc6 18.axb5 axb5 19.Qg4 d5 20.exd5 Qxd5 21.Ra6 
Qf5 22.Qe2 Rfe8 23.Ra5 Rb8 24.Re1 e5 25.g3 Bd8 26.Ra6 Bf6 27.Kg2 c4 28.Qf3
Qxf3+ 29.Kxf3 c3 30.Bc1 Ra8 31.Rxa8 Rxa8 32.h4 Ra2 33.Re2 h6 34.Ke4 Ra1 
35.Re1 Ra2 36.Re2 Ra1 37.Re1 1/2-1/2

[Event "35th WCh U20 Girls"]
[Site "Tarvisio ITA"]
[Date "2017.11.25"]
[Round "11"]
[White "Arpita, Mukherjee"]
[Black "Lasya, Goli"]
[Result "1/2-1/2"]
[WhiteElo "2210"]
[BlackElo "2087"]
[EventDate "2017.11.13"]
[PlyCount "101"]

1.e4 c5 2.Nf3 d6 3.d4 cxd4 4.Nxd4 Nf6 5.Nc3 Nc6 6.h3 e5 7.Nde2 Be7 8.g4 
Be6 9.Bg2 Rc8 10.Be3 Na5 11.b3 a6 12.O-O h5 13.g5 Nh7 14.h4 Nf8 15.Na4 b5 
16.Bb6 Qd7 17.Bxa5 bxa4 18.Be1 Ng6 19.f4 exf4 20.Nxf4 Bg4 21.Qd2 Nxf4 22.
Rxf4 f6 23.Rf1 O-O 24.Bg3 fxg5 25.hxg5 Bh3 26.Rxf8+ Rxf8 27.Qe2 Bxg5 28.
Qxh5 Bxg2 29.Kxg2 Qc6 30.Qe2 Re8 31.Re1 d5 32.e5 d4+ 33.Qe4 Qxe4+ 34.Rxe4 
axb3 35.axb3 Rc8 36.Re2 Kf7 37.Kf3 Rc3+ 38.Kg4 Ke6 39.Be1 Re3 40.Rxe3 Bxe3
41.Bg3 d3 42.cxd3 Bd4 43.Kg5 Bxe5 44.Bf2 Kd5 45.Kf5 Bb2 46.Be3 Be5 47.Bf2 
Bc3 48.Be3 Bb2 49.Bf2 Bc1 50.Kg6 Bb2 51.Kf5 1/2-1/2

[Event "35th WCh U20 Girls"]
[Site "Tarvisio ITA"]
[Date "2017.11.25"]
[Round "11"]
[White "Salonika, Saina"]
[Black "Pratyusha, Bodda"]
[Result "1/2-1/2"]
[WhiteElo "2025"]
[BlackElo "2152"]
[EventDate "2017.11.13"]
[PlyCount "60"]

1.e4 e5 2.Nf3 Nc6 3.Bb5 a6 4.Ba4 g6 5.O-O d6 6.d4 b5 7.Bb3 Bg7 8.c3 h6 9.
Be3 Bd7 10.a4 Nf6 11.dxe5 Nxe5 12.Nxe5 dxe5 13.Bc5 Bc6 14.axb5 Qxd1 15.
Rxd1 axb5 16.Rxa8+ Bxa8 17.f3 Bf8 18.Bxf8 Rxf8 19.Na3 Bc6 20.c4 bxc4 21.
Nxc4 Nd7 22.Rc1 Ke7 23.Na5 Bb5 24.Rxc7 Ra8 25.Nb7 f5 26.Rc1 Ra7 27.Bd5 Nb6
28.Nc5 Nxd5 29.exd5 Kd6 30.b4 Kxd5 1/2-1/2

[Event "35th WCh U20 Girls"]
[Site "Tarvisio ITA"]
[Date "2017.11.25"]
[Round "11"]
[White "Auvray, Honorine"]
[Black "Parnali, S. Dharia"]
[Result "0-1"]
[WhiteElo "1987"]
[BlackElo "2136"]
[EventDate "2017.11.13"]
[PlyCount "110"]

1.d4 d5 2.Bf4 Nf6 3.e3 c5 4.c3 Nc6 5.Nd2 e6 6.Ngf3 Bd6 7.Bg3 cxd4 8.exd4 
Qc7 9.Bd3 O-O 10.Bxd6 Qxd6 11.O-O e5 12.dxe5 Nxe5 13.Nxe5 Qxe5 14.Nf3 Qc7 
15.Qc2 Bg4 16.Nd4 h5 17.h3 Bd7 18.Rfe1 Rfe8 19.Re2 Rxe2 20.Bxe2 Re8 21.Rd1
Qe5 22.Bf3 g5 23.Qe2 Qf4 24.Qd2 Qxd2 25.Rxd2 Re1+ 26.Kh2 Rb1 27.Nb3 Be6 
28.g3 b6 29.Nd4 g4 30.hxg4 hxg4 31.Bg2 Kf8 32.Nc6 a5 33.Ne5 Ke7 34.f3 gxf3
35.Bxf3 Kd6 36.Nc4+ Kc5 37.Ne3 Ne4 38.Bxe4 dxe4 39.g4 Re1 40.Ng2 Ra1 41.
Kg3 Rxa2 42.Kf4 a4 43.Kxe4 a3 44.Nf4 Bc4 45.b4+ Kb5 46.Rd1 Rb2 47.Nd3 
Bxd3+ 48.Kxd3 a2 49.Ra1 Ka4 50.Kc4 Ka3 51.Rf1 f6 52.Re1 Rb1 53.Re8 a1=Q 
54.Ra8+ Kb2 55.Rxa1 Rxa1 0-1

[Event "35th WCh U20 Girls"]
[Site "Tarvisio ITA"]
[Date "2017.11.25"]
[Round "11"]
[White "Kiolbasa, Oliwia"]
[Black "Lahav, Michal"]
[Result "1-0"]
[WhiteElo "2206"]
[BlackElo "2148"]
[EventDate "2017.11.13"]
[PlyCount "37"]

1.e4 e6 2.d4 d5 3.Nc3 Nf6 4.Bg5 Bb4 5.e5 h6 6.Bc1 Ne4 7.Qg4 g6 8.Ne2 c5 9.
a3 Ba5 10.dxc5 Nc6 11.b4 Nxe5 12.Qh3 Nxc3 13.Qxc3 Bc7 14.f4 Qh4+ 15.g3 Qf6
16.Bb2 Nf3+ 17.Kf2 Qxc3 18.Nxc3 Nd4 19.Nb5 1-0

[Event "35th WCh U20 Girls"]
[Site "Tarvisio ITA"]
[Date "2017.11.25"]
[Round "11"]
[White "Vidic, Teja"]
[Black "Mahalakshmi, Muganda Kumar"]
[Result "0-1"]
[WhiteElo "2159"]
[BlackElo "2191"]
[EventDate "2017.11.13"]
[PlyCount "70"]

1.e4 e6 2.d4 d5 3.Nd2 Be7 4.Ngf3 Nf6 5.e5 Nfd7 6.Bd3 c5 7.c3 Nc6 8.O-O a5 
9.Re1 cxd4 10.cxd4 Qb6 11.Nb1 Nxd4 12.Nxd4 Qxd4 13.Nc3 Qb6 14.Qg4 Kf8 15.
Nb5 Nc5 16.Be3 Bd7 17.a4 Qd8 18.Bf1 b6 19.Rac1 Rc8 20.Rc3 Ne4 21.Rxc8 Bxc8
22.Rc1 Bd7 23.Na7 Nc5 24.Nb5 Qb8 25.Qf4 g5 26.Qg3 Rg8 27.Bxc5 Bxc5 28.b3 
Bxb5 29.Bxb5 Bd4 30.h3 Qxe5 31.Qd3 Bxf2+ 32.Kh1 Bc5 33.Qxh7 Bd6 34.g3 Qxg3
35.Rc2 Bc5 0-1

[Event "35th WCh U20 Girls"]
[Site "Tarvisio ITA"]
[Date "2017.11.25"]
[Round "11"]
[White "Rozman, Monika"]
[Black "Nguyen, Emily"]
[Result "0-1"]
[WhiteElo "2049"]
[BlackElo "2176"]
[EventDate "2017.11.13"]
[PlyCount "120"]

1.e4 c5 2.Nf3 e6 3.d4 cxd4 4.Nxd4 Nf6 5.Nc3 d6 6.Be2 Be7 7.O-O O-O 8.Kh1 
Nc6 9.Be3 e5 10.Nb3 Be6 11.Bf3 a5 12.g4 a4 13.Nc1 Nd7 14.N1e2 Nb6 15.Rg1 
Nc4 16.Bc1 Bh4 17.b3 axb3 18.cxb3 Bxf2 19.bxc4 Bxg1 20.Qxg1 Bxc4 21.Be3 
Nb4 22.a4 Qf6 23.Rf1 Rfc8 24.g5 Qe7 25.Rb1 Na2 26.Rb2 Bxe2 27.Nxe2 Nc3 28.
Ng3 g6 29.h4 Rxa4 30.h5 b5 31.Qh2 Ra1+ 32.Kg2 Ra2 33.Rxa2 Nxa2 34.Kh1 Qe6 
35.Qg2 b4 36.Nf1 Qb3 37.Qg4 Qe6 38.Qg2 Qc4 39.Be2 Qc2 40.Qf3 Nc3 41.Ba6 
Rb8 42.hxg6 hxg6 43.Bc4 Qxe4 44.Bxf7+ Kg7 45.Qxe4 Nxe4 46.Bb3 Rc8 47.Bd5 
Nc3 48.Bb3 d5 49.Bd2 d4 50.Kg2 e4 51.Bf4 Rc5 52.Nd2 Rf5 53.Bd6 Rxg5+ 54.
Kf1 e3 55.Nf3 Rf5 56.Kg2 e2 57.Ne1 Rf1 58.Bg3 Ne4 59.Be5+ Kh6 60.Nd3 Nc5 
0-1

[Event "35th WCh U20 Girls"]
[Site "Tarvisio ITA"]
[Date "2017.11.25"]
[Round "11"]
[White "Ning Kaiyu"]
[Black "Choladze, Mariami"]
[Result "1-0"]
[WhiteElo "2173"]
[BlackElo "2112"]
[EventDate "2017.11.13"]
[PlyCount "71"]

1.Nf3 Nf6 2.c4 e6 3.e3 d5 4.b3 Be7 5.Bb2 O-O 6.Be2 c5 7.O-O Nc6 8.d4 dxc4 
9.Bxc4 cxd4 10.Nxd4 Qc7 11.Nd2 Nxd4 12.Bxd4 e5 13.Bb2 Rd8 14.Qc2 Be6 15.
Rac1 Rac8 16.Qb1 Qb6 17.Bxe6 Qxe6 18.Nf3 e4 19.Ng5 Qg4 20.Rxc8 Rxc8 21.
Bxf6 Bxf6 22.Nxe4 Be5 23.Rd1 h5 24.h3 Qf5 25.h4 g6 26.g3 Qf3 27.Qd3 Bf6 
28.Nxf6+ Qxf6 29.Kg2 Qc6+ 30.Qd5 Qa6 31.a4 Rc2 32.Rd4 Rc1 33.Rc4 Rb1 34.
Rc8+ Kg7 35.Qe5+ Qf6 36.Rg8+ 1-0

[Event "35th WCh U20 Girls"]
[Site "Tarvisio ITA"]
[Date "2017.11.25"]
[Round "11"]
[White "Gueci, Tea"]
[Black "Priyanka, K."]
[Result "1/2-1/2"]
[WhiteElo "2161"]
[BlackElo "2046"]
[EventDate "2017.11.13"]
[PlyCount "109"]

1.e4 c5 2.Nf3 d6 3.Bb5+ Nd7 4.O-O Nf6 5.Re1 a6 6.Bd3 e5 7.c3 Be7 8.a4 O-O 
9.Bc2 Rb8 10.a5 Qc7 11.d4 Rd8 12.d5 b5 13.axb6 Nxb6 14.Na3 c4 15.Qe2 Bg4 
16.h3 Bh5 17.g4 Bg6 18.Nh4 Nfd7 19.Ng2 Rdc8 20.Kh2 Qd8 21.Ne3 Qc7 22.Nb1 
Ra8 23.f3 Bg5 24.Ng2 Be7 25.Be3 h6 26.Ra3 Nf6 27.Ra2 Nfd7 28.Rc1 Bg5 29.
Nd2 a5 30.h4 Bxe3 31.Nxe3 Qc5 32.Rca1 f6 33.Nf5 Kf8 34.Nf1 Bxf5 35.gxf5 
Kg8 36.Ne3 Rc7 37.Rg1 Nf8 38.Ng4 Kh8 39.Rg3 Nh7 40.Ne3 a4 41.Ra3 Qb5 42.
Bb1 Qc5 43.Nc2 Qb5 44.Nb4 Rb7 45.Bc2 Qc5 46.Rg1 Rba7 47.Rga1 Nf8 48.Nc6 
Ra6 49.Rg1 Rc8 50.Qg2 Rc7 51.Rga1 Qb5 52.Bd1 Rc8 53.Qe2 Rca8 54.Nb4 Ra5 
55.Nc6 1/2-1/2

[Event "35th WCh U20 Girls"]
[Site "Tarvisio ITA"]
[Date "2017.11.25"]
[Round "11"]
[White "Gomez Barrera, Javiera Belen"]
[Black "Serikbay, Assel"]
[Result "0-1"]
[WhiteElo "1972"]
[BlackElo "2135"]
[EventDate "2017.11.13"]
[PlyCount "102"]

1.e4 c5 2.Nf3 e6 3.d4 cxd4 4.Nxd4 a6 5.Bd3 Nf6 6.Qe2 d6 7.O-O g6 8.f4 Bg7 
9.Nf3 O-O 10.c4 Nbd7 11.Nc3 Qc7 12.Bd2 b6 13.Rae1 Bb7 14.a3 Rac8 15.b4 Nh5
16.Rc1 Rfe8 17.Ne1 f5 18.exf5 exf5 19.Qd1 Ndf6 20.Nd5 Nxd5 21.cxd5 Qf7 22.
Rxc8 Rxc8 23.Nf3 Qxd5 24.Qe2 b5 25.Rc1 Bc6 26.a4 Re8 27.Qf1 Kh8 28.Kh1 Rb8
29.a5 Re8 30.Ng5 Nf6 31.Rd1 Ng4 32.Bc1 Qd4 33.Nh3 Ne3 34.Bxe3 Qxe3 35.Ng5 
Qe7 36.Rc1 Be4 37.Be2 h6 38.Nxe4 fxe4 39.Qd1 Qf6 40.Rc6 Rd8 41.Rxa6 Qxf4 
42.g3 Qf2 43.Qf1 Qd4 44.Rb6 Rf8 45.Qb1 Qe3 46.Qd1 Rc8 47.Kg2 Rc1 48.Rxb5 
Kh7 49.Qd5 Qxe2+ 50.Kh3 Qf1+ 51.Kh4 Bf6+ 0-1

[Event "35th WCh U20 Girls"]
[Site "Tarvisio ITA"]
[Date "2017.11.25"]
[Round "11"]
[White "Andolfatto, Maria"]
[Black "Yuan Ye"]
[Result "1/2-1/2"]
[WhiteElo "1970"]
[BlackElo "2196"]
[EventDate "2017.11.13"]
[PlyCount "84"]

1.Nf3 d5 2.c4 e6 3.g3 Nf6 4.Bg2 c6 5.O-O Bd6 6.d4 Nbd7 7.Nc3 b6 8.Nd2 Bb7 
9.e4 dxe4 10.Ndxe4 Nxe4 11.Nxe4 Be7 12.Bf4 Nf6 13.Rc1 O-O 14.Qd2 Qd7 15.
Rfd1 Rfd8 16.Qc2 Nh5 17.Ng5 g6 18.Be3 Qc7 19.Qe4 Nf6 20.Qf3 e5 21.Ne4 Ne8 
22.dxe5 Qxe5 23.Nc3 Nd6 24.Bf4 Qf5 25.b3 g5 26.Bxd6 Qxf3 27.Bxf3 Bxd6 28.
Rd3 Be5 29.Re3 Bd6 30.Ne4 Be7 31.Nc3 Bc5 32.Ree1 Rd3 33.Bg4 Bb4 34.Re3 
Rxe3 35.fxe3 Re8 36.Kf2 Bc5 37.Re1 Re5 38.Na4 Be7 39.Rd1 b5 40.Nb2 Bc5 41.
Re1 Bb4 42.Rd1 Bc5 1/2-1/2

[Event "35th WCh U20 Girls"]
[Site "Tarvisio ITA"]
[Date "2017.11.25"]
[Round "11"]
[White "Di Benedetto, Desiree"]
[Black "Stashis, Anna"]
[Result "1-0"]
[WhiteElo "2190"]
[BlackElo "1907"]
[EventDate "2017.11.13"]
[PlyCount "85"]

1.d4 f5 2.Nc3 Nf6 3.Bg5 d5 4.Bxf6 exf6 5.e3 Nc6 6.Bb5 Qd6 7.Qf3 Be6 8.Nge2
O-O-O 9.Nf4 Bf7 10.a3 g5 11.Nd3 Ne7 12.Nc5 Kb8 13.g3 Bg6 14.O-O-O f4 15.
exf4 gxf4 16.Rhe1 Bf5 17.Bd3 Bc8 18.Nb5 Qc6 19.gxf4 Nf5 20.Nb3 Bh6 21.Kb1 
a6 22.Nc3 Bf8 23.Ne2 h5 24.Rc1 Qb6 25.Ka2 a5 26.Bxf5 Bxf5 27.Qc3 a4 28.Nc5
Qb5 29.Ng3 Bc8 30.Ne6 Rd7 31.Nxf8 Rxf8 32.Nxh5 Rh7 33.Ng3 Rxh2 34.Qd2 Rd8 
35.Rh1 Rxh1 36.Rxh1 Rd6 37.Qb4 Qa6 38.Rh8 Rc6 39.Nf5 Rb6 40.Rxc8+ Kxc8 41.
Qf8+ Kd7 42.Qe7+ Kc6 43.Qe6+ 1-0

[Event "35th WCh U20 Girls"]
[Site "Tarvisio ITA"]
[Date "2017.11.25"]
[Round "11"]
[White "Barbosa, Larissa Ichimura"]
[Black "Ivanova, Simoneta"]
[Result "1/2-1/2"]
[WhiteElo "1913"]
[BlackElo "2137"]
[EventDate "2017.11.13"]
[PlyCount "67"]

1.e4 e5 2.Nf3 Nc6 3.Bb5 a6 4.Ba4 Nf6 5.O-O Be7 6.Re1 b5 7.Bb3 O-O 8.c3 d6 
9.h3 Nb8 10.d4 Nbd7 11.Nbd2 Bb7 12.Bc2 c5 13.Nf1 cxd4 14.cxd4 exd4 15.Nxd4
Re8 16.Nf5 Bf8 17.N1g3 d5 18.exd5 Rxe1+ 19.Qxe1 Bxd5 20.Bf4 Qb6 21.Ne7+ 
Bxe7 22.Qxe7 Re8 23.Qd6 Qb7 24.f3 Re6 25.Qb4 Qb6+ 26.Kh1 Bc6 27.Qd2 Re8 
28.Rd1 Nd5 29.Bf5 Ne5 30.Bxe5 Rxe5 31.Be4 Nf6 32.Qd8+ Qxd8 33.Rxd8+ Re8 
34.Rxe8+ 1/2-1/2

[Event "35th WCh U20 Girls"]
[Site "Tarvisio ITA"]
[Date "2017.11.25"]
[Round "11"]
[White "Hincu, Olga"]
[Black "Silva, Mariana Sofia"]
[Result "1-0"]
[WhiteElo "2118"]
[BlackElo "1883"]
[EventDate "2017.11.13"]
[PlyCount "83"]

1.d4 Nf6 2.Nf3 g6 3.Bf4 Bg7 4.e3 O-O 5.Be2 d6 6.h3 c6 7.c4 a6 8.O-O b5 9.
Nbd2 Bb7 10.Bh2 Nbd7 11.Rc1 c5 12.dxc5 Nxc5 13.b4 Nce4 14.Nb3 bxc4 15.Bxc4
Qb6 16.a3 Rac8 17.Qd4 Qxd4 18.Nfxd4 Nd5 19.Bd3 Rxc1 20.Rxc1 Nef6 21.Na5 
Bc8 22.Ndc6 Re8 23.e4 Nb6 24.Bf4 Bd7 25.Be3 Na4 26.f3 Bxc6 27.Nxc6 Ra8 28.
Nxe7+ Kf8 29.Rc8+ Rxc8 30.Nxc8 d5 31.e5 Nd7 32.f4 Nb8 33.Bc2 Nc3 34.Bc5+ 
Ke8 35.Nd6+ Kd7 36.Kf2 f6 37.Bd4 fxe5 38.fxe5 Na2 39.Nb7 Kc7 40.Nc5 Nc6 
41.Nxa6+ Kd7 42.e6+ 1-0

[Event "35th WCh U20 Girls"]
[Site "Tarvisio ITA"]
[Date "2017.11.25"]
[Round "11"]
[White "Sibajeva, Marija"]
[Black "Bidhar, Rutumbara"]
[Result "1-0"]
[WhiteElo "2016"]
[BlackElo "1904"]
[EventDate "2017.11.13"]
[PlyCount "81"]

1.e4 c5 2.Nf3 e6 3.d4 cxd4 4.Nxd4 Nf6 5.Nc3 d6 6.Be2 Be7 7.O-O a6 8.a4 Qc7
9.f4 Nc6 10.Kh1 O-O 11.Be3 Nxd4 12.Qxd4 e5 13.Qd2 exf4 14.Bxf4 Be6 15.Rad1
Rfd8 16.Bf3 Rac8 17.Rf2 Qb6 18.Be3 Qc7 19.Qe1 Nd7 20.Bd4 Ne5 21.Nd5 Bxd5 
22.exd5 Nxf3 23.gxf3 g6 24.Re2 Bg5 25.Qg1 Qc4 26.Rd3 Bh6 27.b3 Qb4 28.Re4 
Re8 29.Bc3 Qa3 30.Qd4 f6 31.Rxe8+ Rxe8 32.Bb2 Qa2 33.Rd1 Bf4 34.Ra1 Qxa1+ 
35.Bxa1 Re1+ 36.Kg2 Be5 37.Qa7 Bxa1 38.Qb8+ Kg7 39.Qxb7+ Kh6 40.Qxa6 Bd4 
41.Qxd6 1-0

[Event "35th WCh U20 Girls"]
[Site "Tarvisio ITA"]
[Date "2017.11.25"]
[Round "11"]
[White "Li Zhuoling"]
[Black "Vernet, Solene"]
[Result "1/2-1/2"]
[WhiteElo "2006"]
[BlackElo "1862"]
[EventDate "2017.11.13"]
[PlyCount "91"]

1.e4 e5 2.Nf3 Nc6 3.Bb5 a6 4.Ba4 Nf6 5.O-O b5 6.Bb3 Bc5 7.a4 Rb8 8.axb5 
axb5 9.Nxe5 Nxe5 10.d4 Bxd4 11.Qxd4 d6 12.f4 c5 13.Qd2 Ng6 14.e5 dxe5 15.
Qxd8+ Kxd8 16.fxe5 Nxe5 17.Bf4 Nfd7 18.Bxf7 Rf8 19.Bd5 Rb6 20.Ra8 Ra6 21.
Rxa6 Bxa6 22.Nd2 b4 23.Bg5+ Kc7 24.Rxf8 Nxf8 25.Be7 Nfd7 26.Ne4 Kb6 27.Nd6
Nc6 28.Bg5 h6 29.Be3 Nf6 30.Be6 Nd8 31.Bb3 Ng4 32.Bf4 g5 33.Bg3 Nc6 34.Nf5
h5 35.Bf7 h4 36.Bd6 Nge5 37.Bd5 Nc4 38.Bxc4 Bxc4 39.Kf2 Be6 40.Ne3 g4 41.
Bf4 Nd4 42.Ke1 h3 43.gxh3 gxh3 44.c3 bxc3 45.bxc3 Nf5 46.Nxf5 1/2-1/2

[Event "35th WCh U20 Girls"]
[Site "Tarvisio ITA"]
[Date "2017.11.25"]
[Round "11"]
[White "Magpily, Francois Marie"]
[Black "Fernandez Rivero, Karla July"]
[Result "0-1"]
[WhiteElo "1836"]
[BlackElo "1986"]
[EventDate "2017.11.13"]
[PlyCount "82"]

1.e4 e5 2.Nf3 Nc6 3.d4 exd4 4.Bc4 Nf6 5.O-O Be7 6.e5 Ne4 7.Bd5 Nc5 8.Re1 
Ne6 9.c3 O-O 10.cxd4 Nb4 11.Bb3 d5 12.a3 Na6 13.Nc3 c6 14.Bc2 g6 15.Bh6 
Ng7 16.h3 Nc7 17.Qd2 f6 18.exf6 Bxf6 19.Ne5 Nce6 20.Rad1 Bg5 21.Bxg5 Nxg5 
22.b4 Nh5 23.Re3 Nf4 24.h4 Ngh3+ 25.gxh3 Qxh4 26.Nf3 Nxh3+ 27.Kf1 Qh5 28.
Qd3 Nf4 29.Ng1 Qh2 30.Rf3 Qg2+ 31.Ke1 Nxd3+ 32.Rdxd3 Rxf3 33.Nxf3 Bf5 34.
Re3 Bxc2 35.Ne5 Rf8 36.f3 Qg1+ 37.Kd2 Bf5 38.Ne2 Qf2 39.a4 h5 40.Nd3 Bxd3 
41.Kxd3 Rxf3 0-1

[Event "35th WCh U20 Girls"]
[Site "Tarvisio ITA"]
[Date "2017.11.25"]
[Round "11"]
[White "Trippold, Denise"]
[Black "Greibrokk, Ingrid"]
[Result "1-0"]
[WhiteElo "2104"]
[BlackElo "1868"]
[EventDate "2017.11.13"]
[PlyCount "125"]

1.d4 d5 2.c4 c6 3.Nf3 e6 4.e3 Nf6 5.Nbd2 Be7 6.Bd3 O-O 7.O-O b6 8.e4 dxe4 
9.Nxe4 Bb7 10.Qe2 Nbd7 11.Rd1 Nxe4 12.Qxe4 Nf6 13.Qh4 Re8 14.Ne5 g6 15.Qf4
Bf8 16.b3 Bg7 17.Bb2 Rc8 18.c5 b5 19.a4 a6 20.Qf3 Qc7 21.h4 Red8 22.Re1 
Rd5 23.Bc2 Rdd8 24.g3 Nd5 25.Rad1 Qe7 26.Kg2 Rc7 27.Bc1 Nb4 28.Bb1 Qf6 29.
Qe4 h6 30.Ng4 Qf5 31.Nxh6+ Bxh6 32.Qxf5 gxf5 33.Bxh6 Nd5 34.Bd2 b4 35.a5 
Rcd7 36.Kf3 Kg7 37.Bg5 f6 38.Bd2 Kf7 39.Rc1 Nc7 40.Bxb4 Rxd4 41.Bc3 R4d5 
42.b4 Nb5 43.Ba2 Nxc3 44.Rxc3 Rd3+ 45.Rxd3 Rxd3+ 46.Re3 Rxe3+ 47.Kxe3 Bc8 
48.Bc4 Kg6 49.Be2 e5 50.Bf3 Bd7 51.Be2 Bc8 52.Bc4 Kh5 53.Bf7+ Kg4 54.Be8 
f4+ 55.gxf4 exf4+ 56.Ke2 Bb7 57.h5 Kg5 58.Kf3 Ba8 59.h6 Kxh6 60.Kxf4 Kg7 
61.Kf5 Kf8 62.Bd7 Ke7 63.Bc8 1-0

[Event "35th WCh U20 Girls"]
[Site "Tarvisio ITA"]
[Date "2017.11.25"]
[Round "11"]
[White "Srdanovic, Jovana"]
[Black "Samudin, Elina"]
[Result "1-0"]
[WhiteElo "2015"]
[BlackElo "1806"]
[EventDate "2017.11.13"]
[PlyCount "65"]

1.d4 d5 2.Bf4 c5 3.e3 Nc6 4.c3 Nf6 5.Nd2 e6 6.Bd3 Bd6 7.Bxd6 Qxd6 8.f4 c4 
9.Bc2 b5 10.a3 O-O 11.Ngf3 Ne7 12.Ne5 Nd7 13.e4 f6 14.Nxd7 Qxd7 15.e5 f5 
16.O-O Kh8 17.Rf3 Ng6 18.Qe2 Rg8 19.Raf1 a5 20.Rh3 Nf8 21.Nf3 Ra7 22.Nh4 
Qe8 23.Qd2 g6 24.Nf3 Rag7 25.Ng5 Qe7 26.Rh6 Bd7 27.Rf3 Be8 28.Qe1 a4 29.
Rfh3 Bd7 30.Qh4 Bc8 31.Nxh7 Nxh7 32.Rxh7+ Rxh7 33.Qxe7 1-0

[Event "35th WCh U20 Girls"]
[Site "Tarvisio ITA"]
[Date "2017.11.25"]
[Round "11"]
[White "Petraki, Evaggelia"]
[Black "Altantuya, Boldbaatar"]
[Result "0-1"]
[WhiteElo "1854"]
[BlackElo "1948"]
[EventDate "2017.11.13"]
[PlyCount "120"]

1.c4 Nf6 2.Nc3 e6 3.Nf3 d5 4.cxd5 exd5 5.d4 Be7 6.Bg5 O-O 7.e3 b6 8.Bd3 
Bb7 9.Ne5 Nbd7 10.Qc2 h6 11.Bf4 c6 12.g4 c5 13.g5 hxg5 14.Bxg5 cxd4 15.
exd4 Nxe5 16.dxe5 Ne4 17.Bxe7 Qxe7 18.Rg1 Qxe5 19.O-O-O Rac8 20.Bxe4 dxe4 
21.Qd2 Rc5 22.Qd4 Qxd4 23.Rxd4 Rf5 24.Nxe4 Bxe4 25.Rxe4 Rc8+ 26.Kd1 Rxf2 
27.Reg4 g6 28.h4 Rxb2 29.R1g2 Rxg2 30.Rxg2 Kh7 31.Rf2 Rc7 32.Kd2 Kh6 33.
Rf4 f5 34.Kd3 Re7 35.Ra4 a5 36.Rd4 Re4 37.Rd6 Ra4 38.Rxb6 Rxa2 39.Ra6 a4 
40.Ra8 Kh5 41.Ra6 a3 42.Ra4 Rg2 43.Ke3 Rg4 44.Ra8 Kxh4 45.Kf2 Rb4 46.Rxa3 
g5 47.Kg2 f4 48.Ra8 Kg4 49.Ra2 Rb3 50.Kh2 Kf3 51.Kg1 g4 52.Rf2+ Ke3 53.Kg2
Rb1 54.Ra2 Ke4 55.Ra4+ Kf5 56.Ra5+ Kg6 57.Ra2 Kg5 58.Rf2 g3 59.Rf3 Rb2+ 
60.Kh3 Rh2# 0-1

[Event "35th WCh U20 Girls"]
[Site "Tarvisio ITA"]
[Date "2017.11.25"]
[Round "11"]
[White "Cramling-Bellon, Anna"]
[Black "Vanduyfhuys, Daria"]
[Result "1-0"]
[WhiteElo "1943"]
[BlackElo "1755"]
[EventDate "2017.11.13"]
[PlyCount "31"]

1.d4 Nf6 2.c4 e6 3.Nc3 Bb4 4.Qc2 c5 5.dxc5 Bxc5 6.Bf4 Nc6 7.e3 O-O 8.Nf3 
b6 9.a3 Bb7 10.Be2 Be7 11.Rd1 a6 12.O-O d6 13.Rd2 Qc7 14.Nd4 Nxd4 15.exd4 
Nd7 16.Rfd1 1-0

[Event "35th WCh U20 Girls"]
[Site "Tarvisio ITA"]
[Date "2017.11.25"]
[Round "11"]
[White "Louka, Magdalini"]
[Black "Vangsgard, Freja"]
[Result "0-1"]
[WhiteElo "1955"]
[BlackElo "2035"]
[EventDate "2017.11.13"]
[PlyCount "74"]

1.e4 c6 2.d4 d5 3.Nc3 dxe4 4.Nxe4 Bf5 5.Ng3 Bg6 6.Nf3 Nd7 7.Bd3 e6 8.O-O 
Ngf6 9.Re1 Bd6 10.c4 O-O 11.b3 Qc7 12.Bb2 a5 13.a3 Rfd8 14.Qe2 b6 15.Rad1 
Qb7 16.Ne5 Bxd3 17.Rxd3 Re8 18.Ne4 Bxe5 19.dxe5 Nxe4 20.Qxe4 Nc5 21.Qf3 
Nxd3 22.Qxd3 Rad8 23.Qc2 Qd7 24.Bc3 Qd3 25.Qb2 h6 26.h3 Qg6 27.Bd4 b5 28.
cxb5 cxb5 29.Bb6 Ra8 30.Qc3 Rec8 31.Qe3 Qc2 32.b4 Rc3 33.Qe4 Qxe4 34.Rxe4 
a4 35.Re3 Rxe3 36.Bxe3 Rd8 37.Kf1 Rd3 0-1

[Event "35th WCh U20 Girls"]
[Site "Tarvisio ITA"]
[Date "2017.11.25"]
[Round "11"]
[White "Shepherd, Katherine"]
[Black "Koljevic, Nikolina"]
[Result "1-0"]
[WhiteElo "1918"]
[BlackElo "1837"]
[EventDate "2017.11.13"]
[PlyCount "103"]

1.d4 d5 2.Nf3 e6 3.c4 c5 4.cxd5 exd5 5.g3 Nf6 6.Bg2 Be7 7.O-O O-O 8.Nc3 
Nc6 9.dxc5 Bxc5 10.a3 a5 11.Bg5 d4 12.Bxf6 Qxf6 13.Ne4 Qe7 14.Nxc5 Qxc5 
15.Rc1 Qb6 16.Qc2 Be6 17.Ng5 g6 18.Nxe6 fxe6 19.Bxc6 bxc6 20.Qxc6 Rab8 21.
Rfd1 d3 22.Qxb6 Rxb6 23.Rxd3 Rxb2 24.Re3 Rb6 25.Rc7 Rf7 26.Rec3 Rxc7 27.
Rxc7 Rb3 28.Re7 Rxa3 29.Rxe6 Ra1+ 30.Kg2 a4 31.Ra6 a3 32.h4 a2 33.Ra7 h5 
34.Kf3 Kf8 35.e4 Kg8 36.Kf4 Rb1 37.Rxa2 Kf7 38.f3 Rc1 39.Ra7+ Ke6 40.Ra6+ 
Kf7 41.g4 Rh1 42.Kg5 hxg4 43.fxg4 Re1 44.Rf6+ Ke7 45.Rxg6 Rxe4 46.h5 Kf7 
47.Kh6 Rd4 48.g5 Rd5 49.Kh7 Rc5 50.h6 Rd5 51.Rf6+ Ke7 52.Kg6 1-0

[Event "35th WCh U20 Girls"]
[Site "Tarvisio ITA"]
[Date "2017.11.25"]
[Round "11"]
[White "Koo Wei Xin, Rosamund"]
[Black "Cui, Cynthia"]
[Result "1-0"]
[WhiteElo "1900"]
[BlackElo "1553"]
[EventDate "2017.11.13"]
[PlyCount "85"]

1.d4 c6 2.c4 d5 3.Nf3 Nf6 4.Nbd2 dxc4 5.Nxc4 Bf5 6.e3 e6 7.Be2 Be7 8.O-O 
h6 9.Qb3 Qc7 10.Bd2 Nbd7 11.Rac1 O-O 12.a4 Nd5 13.a5 Bf6 14.Qa3 Be7 15.b4 
N7f6 16.Qb2 Ne4 17.Be1 Rab8 18.Nfe5 Nd6 19.Na3 Qd8 20.Qb3 a6 21.Bd3 Bxd3 
22.Nxd3 Ne4 23.Nc5 Nef6 24.e4 Nf4 25.Qe3 Ng6 26.Bc3 Qc7 27.g3 h5 28.Nc4 
Ng4 29.Qe2 Bxc5 30.dxc5 e5 31.Rcd1 Qe7 32.Rd6 Qg5 33.Bd2 Qe7 34.Rd1 Nf6 
35.Bg5 Rfd8 36.Bxf6 gxf6 37.Qxh5 Kg7 38.Rxd8 Rxd8 39.Rxd8 Qxd8 40.Nd6 Qd7 
41.Qf5 Qe7 42.Qc8 Kh7 43.Nxb7 1-0

[Event "35th WCh U20 Girls"]
[Site "Tarvisio ITA"]
[Date "2017.11.25"]
[Round "11"]
[White "Caxita, Esperanca"]
[Black "Jayaweera, Sayuni Gihansa"]
[Result "0-1"]
[WhiteElo "1865"]
[BlackElo "1745"]
[EventDate "2017.11.13"]
[PlyCount "81"]

1.e4 c5 2.Nf3 g6 3.d4 cxd4 4.Nxd4 Nc6 5.Nxc6 bxc6 6.Qd4 Nf6 7.e5 Nd5 8.e6 
f6 9.exd7+ Bxd7 10.Bd3 e5 11.Qh4 f5 12.Qc4 Qa5+ 13.c3 Qb5 14.O-O Qxc4 15.
Bxc4 Bg7 16.Re1 a5 17.Nd2 Nb6 18.a3 O-O-O 19.Ba6+ Kc7 20.Nf3 Ra8 21.Bf1 
Rhe8 22.Ng5 h6 23.Nf7 g5 24.Be3 Na4 25.Rad1 Be6 26.Nd6 Red8 27.b4 Nxc3 28.
Rc1 Rxd6 29.Rxc3 e4 30.Rcc1 Bb2 31.Rb1 Bxa3 32.h4 f4 33.Bc1 Bxc1 34.Rexc1 
Rb8 35.Bc4 gxh4 36.Kf1 h3 37.gxh3 Bxh3+ 38.Ke2 Bg4+ 39.Kf1 Be6 40.Ra1 
Bxc4+ 41.Rxc4 0-1